000 00341nam a2200145Ia 4500
008 230312s9999||||xx |||||||||||||| ||und||
020 _a0-060-15407-1
082 _a613.7
_bROW-J
100 _aRow;Harper
245 0 _aJIM Palmer's Way to Fitness
260 _bMountain
_aUSA
_c1985
300 _a169
650 _aPhysiotherapy
942 _cBK
999 _c4589
_d4589